Colón e Isabel la Católica (Record no. 100756)

MARC details
000 -LEADER
campo de control de longitud fija 00945nam a2200229 i 4500
001 - NÚMERO DE CONTROL
campo de control 100756
003 - IDENTIFICADOR DE NÚMERO DE CONTROL
campo de control ES-MaACL
005 - FECHA Y HORA DE LA ÚLTIMA TRANSACCIÓN
campo de control 20231207063021.0
007 - CAMPO FIJO DE DESCRIPCIÓN FÍSICA--INFORMACIÓN GENERAL
campo de control de longitud fija t|
008 - DATOS DE LONGITUD FIJA--INFORMACIÓN GENERAL
campo de control de longitud fija 051005s1942 sp f |||| |dspa d
080 ## - NÚMERO DE LA CLASIFICACIÓN DECIMAL UNIVERSAL
Número de la Clasificación Decimal Universal 929 Colón, Cristóbal
100 0# - ENTRADA PRINCIPAL--NOMBRE DE PERSONA
Nombre de persona Mateo, Andrés María
9 (RLIN) 78938
245 10 - MENCIÓN DEL TÍTULO
Título Colón e Isabel la Católica
Resto del título ensayo crítico sobre el carácter, el estilo y la letra del almirante, a través de una carta suya autógrafa y mutilada a la reina /
Mención de responsabilidad, etc. por Andrés Mª Mateo.
260 ## - PUBLICACIÓN, DISTRIBUCIÓN, ETC.
Lugar de publicación, distribución, etc. Valladolid :
Nombre del editor, distribuidor, etc. Cuesta,
Fecha de publicación, distribución, etc. 1942.
300 ## - DESCRIPCIÓN FÍSICA
Extensión XVIII, 130 p., 18 lám. ;
Dimensiones 23 cm.
530 ## - NOTA DISPONIBLE DE FORMULARIO FÍSICO ADICIONAL
Nota de formato físico adicional disponible Disponible en formato digital.
594 ## - Nota al título y mención de responsabilidad
Nota al título y mención de responsabilidad Precede al tít.: Consejo Superior de Investigaciones Científicas y Universidad de Valladolid.
596 ## - NOTA AL PIE DE IMPRENTA
NOTA AL PIE DE IMPRENTA Publicación del Seminario de Estudios de Historia Moderna "Simancas"
600 14 - PUNTO DE ACCESO ADICIONAL DE MATERIA--NOMBRE DE PERSONA
Nombre de persona Colón, Cristóbal.
9 (RLIN) 39869
852 ## - LOCALIZACIÓN
Ubicación ES-MaACL
Número de control de estantería B-1912
Holdings
Estatus retirado Estado de pérdida Estado de daño No para préstamo Biblioteca de origen Biblioteca actual Ubicación en estantería Fecha de adquisición Fuente de adquisición Total de préstamos Signatura topográfica completa Código de barras Visto por última vez Precio de reemplazo Tipo de ítem Koha
        Biblioteca del Ateneo de Madrid Biblioteca del Ateneo de Madrid Sala Pardo Bazán 17/01/2008     B-1912 1105194 23/02/2023 23/02/2023 Libro impreso